Rethinking the American race problem = Repensar el problema de la raza en América /
Salvato in:
| Autore principale: | |
|---|---|
| Natura: | Sconosciuto |
| Lingua: | English |
| Pubblicazione: |
Berkeley :
University of California Press,
c1990.
|
| Soggetti: | |
| Tags: |
Aggiungi Tag
Nessun Tag, puoi essere il primo ad aggiungerne!!
|
MARC
| LEADER | 000000000a22000000004500 | ||
|---|---|---|---|
| 001 | 011571 | ||
| 020 | |a 0520068866 | ||
| 041 | 0 | |a eng | |
| 082 | 0 | 4 | |a 305.8 |b B837r |
| 100 | 1 | |a Brooks, Roy L. | |
| 245 | 1 | 0 | |a Rethinking the American race problem = |b Repensar el problema de la raza en América / |c Roy L. Brooks. |
| 246 | 3 | 1 | |a Repensar el problema de la raza en América |
| 260 | 1 | |a Berkeley : |b University of California Press, |c c1990. | |
| 300 | |a 256 páginas ; |c 24 cm. | ||
| 650 | 4 | |a CLASES SOCIALES | |
| 650 | 4 | |a ESTADOS UNIDOS DE AMERICA | |
| 650 | 4 | |a DERECHOS CIVILES | |
| 650 | 4 | |a AFROAMERICANOS | |
| 650 | 4 | |a RELACIONES RACIALES | |
| 999 | |c 17606 |d 17606 | ||
| 942 | |c BK |h 305.8 B837r |2 z | ||



